Diccionario de la sabiduría oriental: budismo, hinduismo, taoísmo, zen
Uloženo v:
| Médium: | Kniha |
|---|---|
| Jazyk: | španělština |
| Vydáno: |
Buenos Aires
Paidós
1993
|
| Témata: | |
| Tagy: |
Přidat tag
Žádné tagy, Buďte první, kdo vytvoří štítek k tomuto záznamu!
|
MARC
| LEADER | 00000nam a2200000 a 4500 | ||
|---|---|---|---|
| 001 | UCR8295 | ||
| 003 | CL-VaPUC | ||
| 008 | 980529e19930000AG |||||||||||||||||spa|d | ||
| 082 | 0 | 4 | |a 294.03 |b DIC |2 21 |
| 245 | 1 | 0 | |a Diccionario de la sabiduría oriental: budismo, hinduismo, taoísmo, zen |
| 300 | |a 478 p | ||
| 942 | |c BK | ||
| 945 | |d 19980529 00:00:00 |a mvenant | ||
| 260 | |a Buenos Aires |b Paidós |c 1993 | ||
| 650 | 0 | |a Religiones |9 265211 | |
| 650 | 7 | |a BUDISMO |2 CL-VaPUC |9 409949 | |
| 650 | 0 | |a Hinduismo |9 265212 | |
| 650 | 7 | |a TAOISMO |2 CL-VaPUC |9 323460 | |
| 650 | 0 | |a Zen |9 313093 | |
| 650 | 0 | |a Diccionarios |9 256200 | |
| 583 | |a last modification |c 19980529 00:00:00 |k Rodrigo Vera | ||
| 999 | |c 269752 |d 269750 | ||
| 952 | |0 0 |1 0 |4 0 |6 294_030000000000000_DIC_1993 |7 0 |8 F |9 303730 |a BIBGIM |b BIBGIM |d 2019-11-20 |i 3430197 |o 294.03 DIC 1993 |p 3430197 |r 2025-01-15 |w 2019-11-20 |y BK_F |k ORI | ||